000
00305nam a2200121Ia 4500
005
20251222152614.0
008
251222s9999||||xx |||||||||||||| ||spa||
082
_a
REF.530.03/S25
100
_a
Santivañez Guerra, José Luis
245
0
_a
Diccionario de Física
264
_b
Euclides S.A.C
942
_c
LIB
999
_c
27082
_d
27082